WHY WE ARE WHERE WE ARE (Record no. 6533)
[ view plain ]
| 000 -LEADER | |
|---|---|
| fixed length control field | 00376nam a22001457a 4500 |
| 020 ## - INTERNATIONAL STANDARD BOOK NUMBER | |
| ISBN | 978-81-8477-289-0 |
| 082 ## - DEWEY DECIMAL CLASSIFICATION NUMBER | |
| Classification number | 001 |
| Item number | DEB/W |
| 100 ## - MAIN ENTRY--AUTHOR NAME | |
| Personal name | DEB, SWAGATA |
| 100 ## - MAIN ENTRY--AUTHOR NAME | |
| Personal name | SESHADRI, SUPRIYA |
| 245 ## - TITLE STATEMENT | |
| Title | WHY WE ARE WHERE WE ARE |
| Remainder of title | BRIEF HISTORY OF THE UNIVERSE |
| 260 ## - PUBLICATION, DISTRIBUTION, ETC. (IMPRINT) | |
| Place of publication | GURGAON |
| Name of publisher | SCHOLASTIC INDIA |
| Year of publication | 2014 |
| 300 ## - PHYSICAL DESCRIPTION | |
| Number of Pages | 134 |
| 650 ## - SUBJECT ADDED ENTRY--TOPICAL TERM | |
| Topical Term | GENERAL KNOWLEDGE |
| Geographic subdivision | INDIA |
| 942 ## - ADDED ENTRY ELEMENTS (KOHA) | |
| Koha item type | Books |
| Withdrawn status | Lost status | Collection code | Home library | Current library | Shelving location | Date acquired | Source of acquisition | Full call number | Accession Number | Koha item type |
|---|---|---|---|---|---|---|---|---|---|---|
| G.K | Main Library | Main Library | SHELF-17B-- G.K RELATED QUIZ BOOK | 06/10/2015 | purchase | 001 DEB/W | 03971 | Books |